Every Song by Cream - Statistics

General Stats
  • This quiz has been taken 14 times
  • The average score is 7 of 29
Answer Stats
Album Song % Correct
Wheels of Fire(1968) White Room
64%
Disraeli Gears(1967) Sunshine of Your Love
55%
Fresh Cream(Bonus)(1966) I Feel Free
45%
Goodbye(1969) Badge
36%
Fresh Cream(1966) N.S.U.
36%
Wheels of Fire(1968) Politician
36%
Goodbye(1969) Anyone for Tennis
27%
Wheels of Fire(1968) As You Said
27%
Disraeli Gears(1967) Dance the Night Away
27%
Wheels of Fire(1968) Passing the Time
27%
Wheels of Fire(1968) Pressed Rat and Warthog
27%
Disraeli Gears(1967) Strange Brew
27%
Disraeli Gears(1967) Tales of Brave Ulysses
27%
Fresh Cream(1966) Toad
27%
Disraeli Gears(1967) Blue Condition
18%
Wheels of Fire(1968) Deserted Cities of the Heart
18%
Fresh Cream(1966) Dreaming
18%
Fresh Cream(1966) Sweet Wine
18%
Disraeli Gears(1967) SWLABR
18%
Disraeli Gears(1967) Take It Back
18%
Wheels of Fire(1968) Those Were the Days
18%
Disraeli Gears(1967) We're Going Wrong
18%
Disraeli Gears(1967) World of Pain
18%
Goodbye(1969) Doing That Scrapyard Thing
9%
Fresh Cream(1966) Sleepy Time Time
9%
Wheels of Fire(Bonus)(1968) Traintime
9%
Goodbye(1969) What a Bringdown
9%
The Very Best of Cream(1995) Wrapping Paper
9%
Disraeli Gears(Bonus)(1967) Weird of Hermiston
0%
No matching quizzes found
Score Distribution
Percent of People with Each Score
Percentile by Number Answered
Your Score History
You have not taken this quiz